00801nam a2200217Ia 450000100060000000800390000602000180004508200130006324500980007625000120017426000450018630000180023165300230024965300260027265300410029865300170033970000380035694200120039495201600040699900170056656545130521n2009 ii |||gr||||Z||||||346 a81-7293-824-1 a891.4409 0aAshutosh Mukhopadhyaya Rachanavali :bVol- XV1 /cAshutosh Mukhopadhyaya .hTextual Documents aIst ed. aCalcuttabMitra & Ghosh publishersc2009 a459pg:c19cm. aBengali literature aBengali - Rachanavali aRachanavali - Ashutosh Mukhopadhyaya aRef- Bengali aAshutosh Mukhopadhyaya ,eAuthor. 2ddccBK 001040708General aSKBLbSKBLcRef- Bengalid2013-05-21eBEf00000g180.00l0o891.4409 Mu 896 Asp3065/Bengr2024-01-14 00:00:00t1w2013-05-21yBKzBE c56467d56467